000
00433nam a2200169Ia 4500
008
090123s9999 xx 000 0 und d
082
_b
7170
100
_a
ज्ञानेश्वर
245
_a
हरिपाठ
250
_a
1
300
_a
48
600
_a
ज्ञानेश्वर
630
_a
हरिपाठ
700
_a
ज्ञानेश्वर
730
_a
हरिपाठ
942
_c
BOOK
999
_c
45235
_d
45235